000 00401nam a2200169Ia 4500
008 230524s9999 xx 000 0 und d
020 _a9780070151390
082 _a621.382
_bKAN
100 _aA Nagoor Kani
245 0 _aSignals and Systems
250 _aIST
260 _aNEW DELHI
_bMGH
_c2010
300 _aXXII;24.17
500 _aQuantity Number: 35
650 _aElectronics
942 _cBK
999 _c47485
_d47485